MARC

LEADER 00000nam0a2200000 4500
001 285076
005 20231101235747.0
020 |a RU  |b 85-27763 
035 |a (RuTPU)RU\TPU\book\309278 
090 |a 285076 
100 |a 20150220d1985 k y0rusy5003 ca 
101 0 |a rus 
102 |a RU 
105 |a a z 001zy 
200 1 |a Современные методы контроля материалов в черной металлургии  |e тематический сборник научных трудов  |f Центральный научно-исследовательский институт чёрной металлургии им. И. П. Бардина (ЦНИИчермет) ; под ред. С. М. Новокщеновой 
210 |a Москва  |c Металлургия  |d 1985 
215 |a 95 с.  |c ил. 
320 |a Библиография в конце статей 
606 1 |a Черная металлургия, предприятия  |x Технико-экономические показатели  |2 stltpush  |3 (RuTPU)RU\TPU\subj\18674  |9 44062 
610 1 |a технохимический контроль 
610 1 |a материалы 
610 1 |a спектральный контроль 
610 1 |a газовый анализ 
610 1 |a фазовый анализ 
610 1 |a атомная абсорбция 
610 1 |a вольтамперометрический контроль 
675 |a 669.013:658.58  |z rus  |v 3 
702 1 |a Новокщенова  |b С. М.  |g Светлана Михайловна  |4 340 
712 0 2 |a Центральный научно-исследовательский институт чёрной металлургии им. И. П. Бардина (ЦНИИчермет)  |c (Москва)  |2 stltpush  |3 (RuTPU)RU\TPU\col\16609 
801 0 |a RU  |b RuMRKP  |c 19950704  |g psbo 
801 1 |a RU  |b 63413507  |c 20150220 
801 2 |a RU  |b 63413507  |c 20171128  |g RCR 
942 |c BK